| 000 | 01051nam a2200229Ia 4500 | ||
|---|---|---|---|
| 999 |
_c38757 _d38757 |
||
| 001 | 5089 | ||
| 003 | GE_BSU | ||
| 005 | 20190424234243.0 | ||
| 008 | 181216s1980||||ge |||||||||||||| ||geo|| | ||
| 040 | _cGE_BSU | ||
| 041 | _ageo | ||
| 080 | _a624.8(076.1) უ-59 | ||
| 245 |
_aუირიბნო წამწეების გაანგარიშების მაგალითები : _bმეთოდური მითითებები / _cშემდგ. ნ.ნინუა ; რედ. ე.გიორგაძე. |
||
| 260 | _c. | ||
| 264 |
_aთბილისი : _bსპი, _c1980 |
||
| 300 |
_a50 გვ. : _bნახაზ. ცხრ. ; _c20 სმ. |
||
| 653 | _aუირიბნო წამწეების გაანგარიშება | ||
| 653 | _aსამშენებლო კონსტრუქციები | ||
| 700 |
_aნინუა, ნ. _eშემდგენელი _9402 |
||
| 700 |
_aგიორგაძე, ე. _eრედაქტორი _9398 |
||
| 942 |
_cBK _2udc |
||